000 00223nam a2200109Ia 4500
008 240510s9999 xx 000 0 und d
041 _aEng
082 _bNS
245 0 _aIBM Systems Journal
942 _2ddc
942 _cLBK
999 _c23383
_d23383
945 _a1
_bMadushi Gamage
_c1
_dMadushi Gamage